MENTAL wellbeing and psychology : the role of art and history in self discovery and creation

Պահպանված է:
Մատենագիտական մանրամասներ
Հիմնական հեղինակ: Adeyemo O.O
Ձևաչափ: Գիրք
Լեզու:անգլերեն
Հրապարակվել է: New York 2020
Ցուցիչներ: Ավելացրեք ցուցիչ
Չկան պիտակներ, Եղեք առաջինը, ով նշում է այս գրառումը!

MARC

LEADER 00000nam a22000007a 4500
008 240416b |||||||| |||| 00| 0 eng d
020 |a 9780367223991 
100 |a Adeyemo O.O 
245 |a MENTAL wellbeing and psychology  |b : the role of art and history in self discovery and creation  |c Sue Barker, Louise Jensen and Hamed Al Battashi  |g xiii, 178p.  
250 |c BAKER, Sue. JENSEN, Louise. BATTASHI, Hamed Al 
260 |b New York  |c 2020  |h Routledge  |i 700177  |i 700178  |l RC467.M52  |m Clinical Psychology 
500 |a It includes references and index 
942 |a lcc  |c BK  |e Adeyemo O.O  |f 16/04/2024 
952 |0 0  |1 0  |2 lcc  |4 0  |6 RC0467 M52  |7 0  |9 5054  |a HE  |b HOL  |c QZ  |d 2024-04-16  |l 0  |o RC467.M52  |p 2024-0304  |r 2024-04-16 00:00:00  |t 700177  |w 2024-04-16  |y BK 
952 |0 0  |1 0  |2 lcc  |4 0  |6 RC0467 M52  |7 0  |9 5055  |a HOL  |b HOL  |c QZ  |d 2024-04-16  |l 0  |o RC467.M52  |p 2024-0305  |r 2024-04-16 00:00:00  |t 700178  |w 2024-04-16  |y BK 
999 |c 2510  |d 2510